书目信息 |
| 题名: |
大学生活导航
|
|
| 作者: | 周玲 , 乔喆沅 , 董险峰 编著 | |
| 分册: | ||
| 出版信息: | 北京 北京大学出版社 2005.08 |
|
| 页数: | 318页 | |
| 开本: | 21cm | |
| 丛书名: | 北大高等教育文库·我的大学丛书 | |
| 单 册: | ||
| 中图分类: | G645.5 | |
| 科图分类: | ||
| 主题词: | 大学生--da xue sheng--学生生活--基本知识 | |
| 电子资源: | ||
| ISBN: | 7-301-09573-2 | |
| 000 | 01050nam 2200265 450 | |
| 001 | 012006212683 | |
| 005 | 20060912162348.84 | |
| 010 | @a7-301-09573-2@dCNY20.00 | |
| 100 | @a20060623d2005 km y0chiy0120 ea | |
| 101 | 0 | @achi |
| 102 | @aCN@b110000 | |
| 105 | @aa z 000yy | |
| 200 | 1 | @a大学生活导航@Ada xue sheng huo dao hang@f董险峰, 周玲, 乔喆沅编著@Fdong xian feng,zhou ling,qiao zhe yuan bian zhu |
| 210 | @a北京@c北京大学出版社@d2005.08 | |
| 215 | @a318页@c图@d21cm | |
| 225 | 2 | @a北大高等教育文库·我的大学丛书@Abei da gao deng jiao yu wen ku·wo de da xue cong shu |
| 330 | @a本书包括:处入大学、学习方法、时间巧安排、让课外生活充满魅力、与人交往的艺术、做自己的财务主管、有效利用信息资源、美好未来不是梦等内容。 | |
| 410 | 0 | @12001 @a北大高等教育文库·我的大学丛书 |
| 606 | 0 | @a大学生@Ada xue sheng@x学生生活@x基本知识 |
| 690 | @aG645.5@v4 | |
| 701 | 0 | @a周玲@Azhou ling@4编著 |
| 701 | 0 | @a乔喆沅@Aqiao zhe yuan@4编著 |
| 701 | 0 | @a董险峰@Adong xian feng@4编著 |
| 801 | 0 | @aCN@bQSSK@c20060912 |
| 905 | @a10447@dG645.5@eD741 | |
| 大学生活导航/董险峰, 周玲, 乔喆沅编著.-北京:北京大学出版社,2005.08 |
| 318页:图;21cm.-(北大高等教育文库·我的大学丛书) |
| ISBN 7-301-09573-2:CNY20.00 |
| 本书包括:处入大学、学习方法、时间巧安排、让课外生活充满魅力、与人交往的艺术、做自己的财务主管、有效利用信息资源、美好未来不是梦等内容。 |
| ● |
| 相关链接 |
|
|
|
正题名:大学生活导航
索取号:G645.5/D741
 
预约/预借
| 序号 | 登录号 | 条形码 | 馆藏地/架位号 | 状态 | 备注 |
| 1 | 591088 | 205910889 | 社科库409/422社科库 52排2列3层/ [索取号:G645.5/D741] | 在馆 | |
| 2 | 591089 | 205910898 | 社科库409/409社科库 12排2列3层/ [索取号:G645.5/D741] | 在馆 | |
| 3 | 591090 | 205910905 | 社科库409/409社科库 12排2列3层/ [索取号:G645.5/D741] | 在馆 |